000
00246 a2200097 4500
001
41075
100
_a
Zucrow M J
245
_a
Principles of Jet Propulsion & Gas turbine
260
_a
New York
_b
John Willey & Sons Inc.
_c
090
_c
25306
_d
25306
942
_a
NUST-CAE
_c
M
_c
17010
999
_c
276148
_d
276148